Missing Word: Journey Quiz Stats

Quiz Updated Sep 30, 2016

Challenge
Share
Tweet
Embed
Score 0/14 Timer 03:00
0 Plays Today
Hint Answer % Correct
Don't ________ Believin'Stop
99.2%
Any Way You ________ ItWant
89.5%
Who's Cryin' _________Now
80.7%
When You Love a ________Woman
69%
________, Touchin', Squeezin'Lovin'
61.2%
Open ________Arms
53.2%
________ in the SkyWheel
41.7%
Hint Answer % Correct
________ Her My LoveSend
38.1%
________ The YoungOnly
33.2%
Separate Ways (________ Apart)Worlds
31.6%
Be Good To _________Yourself
27.1%
Girl Can't ________ ItHelp
21.6%
After The ________Fall
15.9%
I'll Be ________ Without YouAlright
15.8%

Today's Daily Dose

Missing Word
For Dummies Books

Word Ladder
Ariana Grande

Quick Pick
1970s Authors

On This Day
June 21st II

You're not logged in!

Compare scores with friends on all Sporcle quizzes.
Join for Free
OR
Log In

You Might Also Like...

Show Comments

Extras

Top Quizzes Today


Score Distribution

Your Account Isn't Verified!

In order to create a playlist on Sporcle, you need to verify the email address you used during registration. Go to your Sporcle Settings to finish the process.

Report this User

Report this user for behavior that violates our Community Guidelines.

Details: